[Event "Salou op"]
[Site "Salou"]
[Date "2017.05.01"]
[Round "6"]
[White "Dosaiguas Bonne, Jaime Jose"]
[Black "Molano Lafuente, Ismael"]
[Result "0-1"]
[WhiteElo "1566"]
[BlackElo "1945"]
[PlyCount "58"]
[EventDate "2017.04.29"]
[EventType "swiss"]
[EventRounds "6"]
[EventCountry "ESP"]
[SourceTitle "CBM 178 Extra"]
[Source "ChessBase"]
[SourceDate "2017.06.22"]
[SourceVersion "1"]
[SourceVersionDate "2017.06.22"]
[SourceQuality "1"]

1. e4 c5 2. Nf3 Nc6 3. d4 cxd4 4. Nxd4 Nf6 5. Nc3 e5 6. Nf5 d5 7. Bg5 d4 8. Nd5 Bxf5 9. Bxf6 gxf6 10. Qf3 Be6 11. Nxf6+ Ke7 12. g4 Bg7 13. Nh5 Qa5+ 14. c3 dxc3 15. Qxc3 Qxc3+ 16. bxc3 Bh6 17. f3 Rhd8 18. Rb1 Bd2+ 19. Kf2 b6 20. c4 Bc3 21. a3 Rd2+ 22. Kg3 Rad8 23. h4 Rd1 24. Bg2 Rxh1 25. Bxh1 Nd4 26. g5 Ne2+ 27. Kf2 Nf4 28. Nf6 Bxc4 29. Nxh7 Rh8 0-1